El bachiller de Salamanca o Aventuras de D. Querubín de la Ronda / (Record no. 157582)

MARC details
000 -LEADER
campo de control de longitud fija 01105nam a2200265 i 4500
001 - NÚMERO DE CONTROL
campo de control 157582
003 - IDENTIFICADOR DE NÚMERO DE CONTROL
campo de control ES-MaACL
005 - FECHA Y HORA DE LA ÚLTIMA TRANSACCIÓN
campo de control 20240526062941.0
008 - DATOS DE LONGITUD FIJA--INFORMACIÓN GENERAL
campo de control de longitud fija 960320s1887 sp |||| | spa d
040 ## - FUENTE DE CATALOGACIÓN
Centro/agencia transcriptor ES-MaACL
100 1# - ENTRADA PRINCIPAL--NOMBRE DE PERSONA
Nombre de persona Lesage, Alain-René,
Fechas asociadas al nombre 1668-1747
9 (RLIN) 71822
Término indicativo de función/relación Autor
245 13 - MENCIÓN DEL TÍTULO
Título El bachiller de Salamanca o Aventuras de D. Querubín de la Ronda /
Mención de responsabilidad, etc. que publicó en francés Mr. Le-Sage ; traducción castellana por Esteban Aldebert Dupont.
246 ## - FORMA VARIANTE DEL TITULO
Título propio/Titulo breve Aventuras de D. Querubín de la Ronda
260 ## - PUBLICACIÓN, DISTRIBUCIÓN, ETC.
Lugar de publicación, distribución, etc. Barcelona :
Nombre del editor, distribuidor, etc. Daniel Cortezo y Cía.,
Fecha de publicación, distribución, etc. 1887.
300 ## - DESCRIPCIÓN FÍSICA
Extensión 297 páginas ;
Dimensiones 21 cm.
490 1# - MENCIÓN DE SERIE
Mención de serie Biblioteca clásica española
530 ## - NOTA DISPONIBLE DE FORMULARIO FÍSICO ADICIONAL
Nota de formato físico adicional disponible Disponible en formato digital
700 1# - ENTRADA AGREGADA--NOMBRE PERSONAL
Nombre de persona Aldebert Dupont, Esteban
9 (RLIN) 125597
Término indicativo de función/relación Traductor
830 0# - PUNTO DE ACCESO ADICIONAL DE SERIE-TÍTULO UNIFORME
Título uniforme Biblioteca clásica española
9 (RLIN) 182443
852 ## - LOCALIZACIÓN
Ubicación ES-MaACL
Ubicación en estantería Sala Pardo Bazán
Número de control de estantería B-1045
Encuadernación Tela azul
856 ## - LOCALIZACIÓN Y ACCESO ELECTRÓNICOS
Identificador Uniforme de Recursos <a href="http://bibliotecadigital.jcyl.es/i18n/consulta/registro.cmd?id=20857">http://bibliotecadigital.jcyl.es/i18n/consulta/registro.cmd?id=20857</a>
Texto de enlace Versión en línea
Nota pública (Biblioteca Digital de Castilla y León)
942 ## - ELEMENTOS DE ENTRADA SECUNDARIOS (KOHA)
Tipo de ítem Koha Libro impreso antiguo
Suprimir en OPAC No
Holdings
Estatus retirado Estado de pérdida Estado de daño No para préstamo Colección Biblioteca de origen Biblioteca actual Ubicación en estantería Fecha de adquisición Fuente de adquisición Total de préstamos Signatura topográfica completa Código de barras Visto por última vez Precio de reemplazo Tipo de ítem Koha
        Colección digital Biblioteca del Ateneo de Madrid Biblioteca del Ateneo de Madrid Sala Pardo Bazán 17/01/2008     B-1045 1164905 23/02/2023 23/02/2023 Libro impreso antiguo